Analýza merania pozdĺžnej dynamiky vozidla

Na minha lista:
Detalhes bibliográficos
Autor principal: Lukáč, Michal (Author)
Outros Autores: Milesich, Tomáš (Thesis advisor)
Formato: Manuscrito Livro
Idioma:eslovaco
Publicado em: 2020
Assuntos:
Acesso em linha:http://is.stuba.sk/zp/portal_zp.pl?podrobnosti=144387
Tags: Adicionar Tag
Sem tags, seja o primeiro a adicionar uma tag!

MARC

LEADER 00000ntm a22000003a 4500
001 stuzp81416
003 SK-STU
005 20200711211130.6
007 ta
008 150427s2015----xo-----f-mn---000-0-slo-d
040 |a STU  |b slo 
041 0 |a slo 
100 1 |a Lukáč, Michal  |u 020030  |4 aut  |U SjF Strojnícka fakulta  |T SjF Ústav dopravnej techniky a konštruovania  |X 82883  |U J0030  |Y 806  |7 82883 
242 0 1 |a Analysis of longitudinal vehicle dynamics measurement  |y eng 
245 1 0 |a Analýza merania pozdĺžnej dynamiky vozidla 
260 |c 2020 
650 4 |a vehicle dynamics  |2 eng 
650 4 |a slip  |2 eng 
650 4 |a tire  |2 eng 
650 4 |a sklz  |2 slo 
650 4 |a pneumatika  |2 slo 
650 4 |a dynamika vozidla  |2 slo 
700 1 |a Milesich, Tomáš  |u 020030  |k Z2  |4 ths  |U SjF Strojnícka fakulta  |T SjF Ústav dopravnej techniky a konštruovania  |X 49630  |U J0030  |Y 806  |7 A000049630 
856 4 |u http://is.stuba.sk/zp/portal_zp.pl?podrobnosti=144387